000
00311nam a2200121Ia 4500
005
20251222144800.0
008
251222s9999||||xx |||||||||||||| ||spa||
082
_a
370.112/C24
100
_a
La Torre Ugarte, Edistio Cámere de
245
0
_a
Piezas Claves en Educación:
264
_b
Mar Adentro
942
_c
LIB
999
_c
19679
_d
19679